ប្រវត្តិវីទ្យា ថ្នាក់ទី ១១ / (Record no. 6920)
[ view plain ]
| 000 -LEADER | |
|---|---|
| fixed length control field | 01458nam a22002417a 4500 |
| 001 - CONTROL NUMBER | |
| control field | 6920 |
| 003 - CONTROL NUMBER IDENTIFIER | |
| control field | FISKH |
| 005 - DATE AND TIME OF LATEST TRANSACTION | |
| control field | 20250606153013.0 |
| 008 - FIXED-LENGTH DATA ELEMENTS--GENERAL INFORMATION | |
| fixed length control field | 250606b cb ||||| |||| 00| 0 eng d |
| 020 ## - INTERNATIONAL STANDARD BOOK NUMBER | |
| International Standard Book Number | 9789995001025 |
| 040 ## - CATALOGING SOURCE | |
| Original cataloging agency | FISKH |
| Language of cataloging | khr |
| Transcribing agency | FISKH |
| Modifying agency | FISKH |
| 082 ## - DEWEY DECIMAL CLASSIFICATION NUMBER | |
| Classification number | 370 |
| 100 ## - MAIN ENTRY--PERSONAL NAME | |
| Personal name | Sophat, Moung |
| 245 ## - TITLE STATEMENT | |
| Title | ប្រវត្តិវីទ្យា ថ្នាក់ទី ១១ / |
| Statement of responsibility, etc. | លោក មួង សុផាត, លោក សុីវ ធួន ,លោក ដៀប សុផល និង លោកស្រី ងួន សុខកែវ |
| 250 ## - EDITION STATEMENT | |
| Edition statement | បោះពុម្ពឆ្នាំ២០២៣ |
| 260 ## - PUBLICATION, DISTRIBUTION, ETC. | |
| Place of publication, distribution, etc. | ភ្នំពេញ : |
| Name of publisher, distributor, etc. | គ្រឺះស្ថានបោះពុម្ពនិងចែកផ្សាយ , |
| Date of publication, distribution, etc. | ២០២៣ . |
| 300 ## - PHYSICAL DESCRIPTION | |
| Extent | 204 pages : |
| Other physical details | illustrations ; |
| Dimensions | 25 cm . |
| 520 ## - SUMMARY, ETC. | |
| Summary, etc. | សៀវភៅប្រវត្តិវិទ្យា ថ្នាក់ទី ១១ ត្រូវបានរៀបចំឡើងសម្រាប់សិស្សថ្នាក់ទី ១១ ដើម្បីអភិវឌ្ឍចំណេះដឹង និងជំនាញក្នុងការសិក្សាប្រវត្តិសាស្ត្រ។ |
| 520 ## - SUMMARY, ETC. | |
| Summary, etc. | "The Grade 11 History textbook is designed for 11th-grade students to develop knowledge and skills in studying history." |
| 700 ## - ADDED ENTRY--PERSONAL NAME | |
| Personal name | Satya, Chom |
| Relator term | Illustrator |
| 942 ## - ADDED ENTRY ELEMENTS (KOHA) | |
| Source of classification or shelving scheme | Dewey Decimal Classification |
| Koha item type | Khmer Books |
| Suppress in OPAC | No |
| Withdrawn status | Lost status | Source of classification or shelving scheme | Damaged status | Not for loan | Collection | Home library | Current library | Shelving location | Date acquired | Total Checkouts | Full call number | Barcode | Date last seen | Price effective from | Koha item type |
|---|---|---|---|---|---|---|---|---|---|---|---|---|---|---|---|
| Dewey Decimal Classification | Khmer Language Books / សៀវភៅភាសាខ្មែរ | Footprints International School Library Network Toul Tom Poung Campus | Footprints International School Library Network Toul Tom Poung Campus | TTP Secondary Khmer Bookshelves | 06/06/2025 | SOP 370 | 2025-1560 | 06/06/2025 | 06/06/2025 | Khmer Books |
